| 000 | 00425nam a2200181Ia 4500 | ||
|---|---|---|---|
| 008 | 210210b2008 xxu||||| |||| 00| 0 eng d | ||
| 020 | _a9788184110951 | ||
| 041 | _aeng | ||
| 082 | _a070.43 DASJ | ||
| 100 | _aDASH (Ajay) | ||
| 245 | _aJournalistic writing | ||
| 260 |
_aND _bSonali Publications _c2008 |
||
| 300 | _avii,298 | ||
| 650 | _awriting | ||
| 650 | _aJournalistic | ||
| 690 | _aJournalism | ||
| 906 | _a063051 | ||
| 999 |
_c131602 _d131602 |
||